| 000 | 00484nam a22001577a 4500 | ||
|---|---|---|---|
| 003 | OSt | ||
| 005 | 20201119130245.0 | ||
| 008 | 201119b 1999 dr 00| 0 eng d | ||
| 040 |
_aDO-SdBNP _bspa _cBNPHU |
||
| 100 | 1 |
_aFlores Santana, Juan Antonio _916066 |
|
| 245 | 1 | 0 |
_aVive y defiende tu fe católica _bexposición de las verdades atacadas por las sectas / |
| 250 | _a3a ed. | ||
| 260 |
_aSanto Domino : _bEdiciones MSC, _c1999. |
||
| 300 |
_a256 p. ; _c22 cm. |
||
| 942 |
_2ddc _cLBS1 |
||
| 999 |
_c49156 _d49156 |
||